| 000 | 00605nam a22002177a 4500 | ||
|---|---|---|---|
| 005 | 20251108174842.0 | ||
| 008 | 250721s2009 xx 000 0 eng d | ||
| 082 | 1 | 4 | _aWB/364.16/PRE |
| 100 | 1 | _apierre-laurent, chatain | |
| 245 | 1 | 0 | _aPreventing Money Laundering And Terrorist Financing : Apractical Guide For Bank Supervisors / |
| 264 | 1 |
_awashington : _bthe world bank, _c2009. |
|
| 300 | _a271 P. | ||
| 650 | 1 | 7 | _aLAUNDERING |
| 650 | 1 | 7 | _aMONEY |
| 650 | 1 | 7 | _aTERRORISM |
| 650 | 1 | 7 | _aFINANCE |
| 700 | 1 | _ajohn, mcdowell | |
| 700 | 1 | _acedric, mousset | |
| 942 |
_2ddc _cBK |
||
| 999 |
_c119775 _d119775 |
||